Advances in global leadership, vol. 8 (Record no. 445532)

000 -LEADER
fixed length control field 00482cam a22001457a 4500
008 - FIXED-LENGTH DATA ELEMENTS--GENERAL INFORMATION
fixed length control field 180718b2014 xxu||||| |||| 00| 0 eng d
020 ## - INTERNATIONAL STANDARD BOOK NUMBER
International Standard Book Number 9781783504794
082 ## - DEWEY DECIMAL CLASSIFICATION NUMBER
Classification number I51 Os28/8
245 ## - TITLE STATEMENT
Title Advances in global leadership, vol. 8
Statement of responsibility, etc. edoted by Joyce S. Osland , Ming Li and Ying Wang
260 ## - PUBLICATION, DISTRIBUTION, ETC.
Place of publication, distribution, etc. India
Name of publisher, distributor, etc. Emerald
Date of publication, distribution, etc. 2014
300 ## - PHYSICAL DESCRIPTION
Extent 412p.
650 ## - SUBJECT ADDED ENTRY--TOPICAL TERM
Topical term or geographic name entry element International business enterprises -- Management
650 ## - SUBJECT ADDED ENTRY--TOPICAL TERM
Topical term or geographic name entry element Leadership
700 ## - ADDED ENTRY--PERSONAL NAME
Personal name Osland , Joyce S. , Li, Ming and Wang, Ying
Holdings
Withdrawn status Lost status Damaged status Not for loan Permanent Location Current Location Date acquired Full call number Barcode Date last seen Price effective from Koha item type
        Indian Institute of Public Administration Indian Institute of Public Administration 2017-03-07 I51 Os28/8 86876 2018-07-21 2018-07-21 Book

Powered by Koha